| 000 | 00601nam a2200205 a 4500 | ||
|---|---|---|---|
| 001 | BRL_290 | ||
| 005 | 20190320210654.0 | ||
| 008 | 220713s1991----u--o######---#000-0#eng-# | ||
| 041 | _aeng | ||
| 044 | _au | ||
| 084 |
_aGR105 _p.S65 _b1991 |
||
| 110 | 2 |
_aSmithsonian Institution _913209 |
|
| 245 | 1 | 0 |
_a1991 Festival of American Folklife _bjune 28-july 1, july 4-july 7 _cSmithsonian Institution. |
| 260 |
_a[Estados Unidos ] _bSmithsonian Institution _c1991 |
||
| 300 |
_a112 p. _bil. _c28 cm. |
||
| 500 | _aAu2112 | ||
| 650 | 1 | 4 |
_aFolclor _vCongresos _zAmérica _923471 |
| 902 | _aGRL | ||
| 942 |
_2lcc _cB |
||
| 999 |
_c9103 _d9103 |
||